[Event "France Jeunes Belfort 2017"]
[Site "Belfort"]
[Date "2017.04.20"]
[Round "6.4"]
[White "Heliot, Xabi"]
[Black "Eugene, Floryan"]
[Result "1-0"]
[WhiteElo "2081"]
[BlackElo "2271"]
[PlyCount "105"]
[EventDate "2017.??.??"]
[TimeControl "6000+1935"]
[WhiteClock "0:04:56"]
[BlackClock "0:14:25"]

1. c4 Nf6 2. Nf3 g6 3. g3 Bg7 4. Bg2 O-O 5. Nc3 d6 6. O-O Nc6 7. d4 a6 8. Qc2
Rb8 9. Rd1 Bd7 10. Nd5 b5 11. Nxf6+ Bxf6 12. Bh6 Re8 13. c5 d5 14. Ne5 e6 15.
Bf4 g5 16. Nxc6 Bxc6 17. Be5 Bg7 18. Bxg7 Kxg7 19. b4 Qf6 20. e3 Rbd8 21. Qe2
e5 22. Qb2 e4 23. Qe2 Bd7 24. Qh5 Bf5 25. a4 Rb8 26. axb5 Rxb5 27. Bf1 Rxb4 28.
Rxa6 c6 29. g4 Bg6 30. Qh3 h5 31. Rb6 Rb8 32. Rxb8 Rxb8 33. Qg3 Rb2 34. h3 hxg4
35. hxg4 Qe6 36. Ra1 f6 37. Bh3 Qc8 38. Ra7+ Rb7 39. Rxb7+ Qxb7 40. Bf1 Qb1 41.
Qc7+ Bf7 42. Qxc6 f5 43. Qd7 f4 44. Qf5 fxe3 45. Qxg5+ Kf8 46. fxe3 Qc1 47. Qf4
Kg8 48. Kg2 Be6 49. Kg3 Qd1 50. Kh4 Kh7 51. Kg5 Qb3 52. Qc7+ Kh8 53. Kf6 1-0

[Event "France Jeunes Belfort 2017"]
[Site "Belfort"]
[Date "2017.04.20"]
[Round "6.4"]
[White "Lever, Erwan"]
[Black "Bouvet, Florian"]
[Result "1/2-1/2"]
[WhiteElo "2129"]
[BlackElo "2183"]
[PlyCount "78"]
[EventDate "2017.??.??"]
[TimeControl "6000+1190"]
[WhiteClock "0:10:12"]
[BlackClock "0:05:07"]

1. d4 Nf6 2. c4 g6 3. Nc3 d5 4. cxd5 Nxd5 5. e4 Nxc3 6. bxc3 Bg7 7. Qa4+ Nd7 8.
Nf3 O-O 9. Be2 c6 10. O-O Qc7 11. Be3 e5 12. Rac1 b6 13. dxe5 Re8 14. c4 Bb7
15. c5 Bf8 16. cxb6 axb6 17. Qb3 Nc5 18. Bxc5 Bxc5 19. Rfd1 Ra3 20. Qc2 Qe7 21.
h4 Rea8 22. Bc4 Ba6 23. Bb3 Bc8 24. Ng5 Be6 25. Nxe6 fxe6 26. Qc4 Re8 27. g3
Ra7 28. Rc2 g5 29. hxg5 Qxg5 30. Qc3 Rg7 31. Kg2 h5 32. Rcd2 h4 33. Rd7 Rg6 34.
R1d3 h3+ 35. Kxh3 Bxf2 36. Kg2 Bc5 37. Rf3 Qh5 38. Rf6 Qe2+ 39. Kh3 Qh5+
1/2-1/2

[Event "France Jeunes Belfort 2017"]
[Site "Belfort"]
[Date "2017.04.20"]
[Round "6.4"]
[White "Rozec, Mialy"]
[Black "Tomasi, Elise"]
[Result "1-0"]
[WhiteElo "1289"]
[BlackElo "1761"]
[PlyCount "123"]
[EventDate "2017.??.??"]
[TimeControl "6000+1320"]
[WhiteClock "0:01:11"]
[BlackClock "0:05:45"]

1. d4 d5 2. Nf3 e6 3. c4 Be7 4. g3 Nf6 5. Bg2 O-O 6. O-O b6 7. cxd5 exd5 8. Ne5
Bb7 9. Nc3 Nbd7 10. Qa4 Nxe5 11. dxe5 Ne8 12. Rd1 c6 13. e4 b5 14. Nxb5 cxb5
15. Qxb5 Bc8 16. exd5 Bd7 17. Qe2 Rb8 18. Qe3 Qb6 19. d6 Bd8 20. b3 g6 21. Re1
Ng7 22. Bb2 Qxe3 23. Rxe3 Bb6 24. Ree1 Rfe8 25. Rac1 Ne6 26. Bc6 Nf8 27. Kg2
Rbd8 28. f4 Ne6 29. b4 Nd4 30. Bxd7 Rxd7 31. Re4 Nf5 32. Kf3 Kf8 33. g4 Ng7 34.
Rc6 Ne6 35. a4 Rb8 36. Rec4 Ke8 37. h4 h6 38. f5 Ng7 39. e6 fxe6 40. Bxg7 Rxg7
41. fxe6 Bd8 42. e7 Bxe7 43. dxe7 Rxe7 44. Rxg6 Kf7 45. Rxh6 Rf8 46. Rf4+ Kg7
47. Rxf8 Kxf8 48. g5 Rb7 49. b5 Kg7 50. Rf6 Rc7 51. h5 Rc5 52. h6+ Kh7 53. Kg4
Rc1 54. Kf5 Rc5+ 55. Kg4 Rc1 56. Rf7+ Kg8 57. Rxa7 Rg1+ 58. Kf5 Rd1 59. g6 Rd5+
60. Ke6 Rd8 61. Re7 Kh8 62. b6 1-0

[Event "France Jeunes Belfort 2017"]
[Site "Belfort"]
[Date "2017.04.20"]
[Round "6.5"]
[White "Caloone, Thomas"]
[Black "Sarafian, Thomas"]
[Result "1/2-1/2"]
[WhiteElo "2149"]
[BlackElo "1892"]
[PlyCount "179"]
[EventDate "2017.??.??"]
[TimeControl "6000+930"]
[WhiteClock "0:05:18"]
[BlackClock "0:11:13"]

1. e4 e5 2. Nf3 Nc6 3. Nc3 Nf6 4. d4 Bb4 5. Nxe5 O-O 6. Nxc6 dxc6 7. Bd3 Qxd4
8. O-O Bxc3 9. bxc3 Qxc3 10. Rb1 Qe5 11. Qf3 b6 12. Bf4 Qe7 13. c4 Nd7 14. Qg3
f6 15. Bxc7 Ne5 16. Bxe5 fxe5 17. f4 Qc5+ 18. Kh1 exf4 19. Rxf4 Rxf4 20. Qxf4
Be6 21. e5 Rf8 22. Qh4 Bf5 23. Bxf5 Rxf5 24. e6 Qf8 25. h3 Re5 26. Re1 Rxe1+
27. Qxe1 Qe7 28. Qe5 Kf8 29. Qb8+ Qe8 30. Qd6+ Qe7 31. Qxc6 g6 32. Qd5 Qc7 33.
Qf3+ Ke8 34. Qf6 Qe7 35. Qe5 g5 36. Kh2 Qc5 37. Qh8+ Ke7 38. Qxh7+ Kxe6 39.
Qe4+ Kf6 40. Kg3 Qd6+ 41. Kg4 Qd7+ 42. Kf3 Qd1+ 43. Qe2 Qd4 44. g3 a5 45. Kg2
Kg6 46. Qc2+ Kh6 47. Kf3 Qf6+ 48. Kg2 Qd4 49. Qe2 Qf6 50. Qd2 Qc6+ 51. Qd5 Qf6
52. Qb5 Qd4 53. Qc6+ Kg7 54. Qd5 Qf6 55. a4 Kh6 56. Qd3 Kg7 57. Qf3 Qd4 58.
Qb7+ Kh6 59. Qc6+ Kg7 60. h4 gxh4 61. gxh4 Qg4+ 62. Kf1 Qf4+ 63. Ke2 Qg4+ 64.
Kd3 Qd1+ 65. Kc3 Qa1+ 66. Kc2 Qa2+ 67. Kd3 Qf2 68. Qc7+ Kh6 69. Qe7 Qf1+ 70.
Qe2 Qf5+ 71. Qe4 Qd7+ 72. Qd4 Qxa4 73. Qxb6+ Kg7 74. Kc3 Qa3+ 75. Kc2 Kh7 76.
c5 Qa4+ 77. Kc3 Qxh4 78. c6 Qf6+ 79. Kb3 Qe6+ 80. Ka4 Qa2+ 81. Kb5 Qe2+ 82.
Kxa5 Qa2+ 83. Kb4 Qb2+ 84. Kc5 Qf2+ 85. Kb5 Qe2+ 86. Ka4 Qa2+ 87. Kb4 Qb2+ 88.
Ka5 Qa2+ 89. Kb5 Qe2+ 90. Kc5 1/2-1/2

[Event "France Jeunes Belfort 2017"]
[Site "Belfort"]
[Date "2017.04.20"]
[Round "6.6"]
[White "Greiner, Leon"]
[Black "Daeschler, Florian"]
[Result "0-1"]
[WhiteElo "1818"]
[BlackElo "2124"]
[PlyCount "62"]
[EventDate "2017.??.??"]
[TimeControl "6000+1180"]
[WhiteClock "0:14:15"]
[BlackClock "0:27:45"]

1. d4 Nf6 2. Nf3 d5 3. e3 c6 4. Nbd2 Bf5 5. c4 e6 6. Qb3 Qb6 7. Ne5 Be7 8. Be2
O-O 9. O-O Nbd7 10. Ndf3 Rfe8 11. Bd2 Nxe5 12. Nxe5 Ne4 13. Be1 Qc7 14. f3 Nc5
15. Qc3 Nd7 16. Nxd7 Qxd7 17. Bf2 a5 18. b3 Bf6 19. Bd3 e5 20. Bxf5 Qxf5 21.
Rfe1 e4 22. Qc2 Qh5 23. g4 Qh3 24. f4 Qxg4+ 25. Bg3 c5 26. Rad1 cxd4 27. exd4
h5 28. Qe2 Qf5 29. cxd5 e3 30. Qd3 Qxd3 31. Rxd3 h4 0-1

[Event "France Jeunes Belfort 2017"]
[Site "Belfort"]
[Date "2017.04.21"]
[Round "7.1"]
[White "Conti, Anne-Marie"]
[Black "Breysse, Astrid"]
[Result "1-0"]
[WhiteElo "1712"]
[BlackElo "1547"]
[PlyCount "71"]
[EventDate "2017.??.??"]
[TimeControl "6000+990"]
[WhiteClock "0:04:18"]
[BlackClock "0:12:52"]

1. d4 d5 2. c4 c6 3. Nf3 Nf6 4. g3 Bf5 5. a3 e6 6. Bg2 Be7 7. O-O O-O 8. Re1
Nbd7 9. cxd5 cxd5 10. Nc3 Rb8 11. Bf4 Rc8 12. Nh4 Bg4 13. h3 Bh5 14. Qd2 Ne4
15. Nxe4 dxe4 16. g4 Bxg4 17. hxg4 Bxh4 18. Bxe4 Nf6 19. Bf3 Nd5 20. Bxd5 Qxd5
21. e4 Qb3 22. Re3 Qc2 23. Rd1 Rfd8 24. d5 exd5 25. exd5 Qg6 26. Qe2 h5 27. g5
Rc2 28. Rd2 Rc1+ 29. Kh2 Qb1 30. Qf3 g6 31. Rde2 Qf5 32. Re8+ Rxe8 33. Rxe8+
Kh7 34. Be5 Rc8 35. Qxf5 gxf5 36. Rxc8 1-0

[Event "France Jeunes Belfort 2017"]
[Site "Belfort"]
[Date "2017.04.21"]
[Round "7.1"]
[White "Degraeve, Remy"]
[Black "Harutyunyan, Ruben"]
[Result "0-1"]
[WhiteElo "2126"]
[BlackElo "2218"]
[PlyCount "72"]
[EventDate "2017.??.??"]
[TimeControl "6000+980"]
[WhiteClock "0:25:39"]
[BlackClock "0:02:36"]

1. e4 c5 2. Nc3 a6 3. g3 b5 4. a4 b4 5. Nd5 e6 6. Ne3 Bb7 7. Bg2 Nf6 8. d3 d6
9. Nf3 Nbd7 10. O-O Be7 11. Nc4 O-O 12. Re1 Qc7 13. b3 Ng4 14. Bf4 Nge5 15.
Nfxe5 dxe5 16. Bc1 a5 17. Bb2 Ba6 18. Ne3 Bg5 19. Qg4 Bxe3 20. Rxe3 Rfe8 21. f4
f6 22. f5 exf5 23. exf5 Bb7 24. Qh4 Bxg2 25. Kxg2 Nb6 26. Kf2 Qd7 27. Qh5 Nd5
28. Re4 Ne7 29. g4 Nd5 30. Rg1 Rad8 31. Qh4 h6 32. Rg3 Qa7 33. Ke1 Nf4 34. Kd1
c4 35. Rxc4 Qf2 36. Re4 Rc8 0-1

[Event "France Jeunes Belfort 2017"]
[Site "Belfort"]
[Date "2017.04.21"]
[Round "7.1"]
[White "Laurent-Paoli, Pierre"]
[Black "Philippe, Guillaume"]
[Result "1/2-1/2"]
[WhiteElo "2298"]
[BlackElo "2307"]
[PlyCount "156"]
[EventDate "2017.??.??"]
[TimeControl "6000+810"]
[WhiteClock "0:09:48"]
[BlackClock "0:05:25"]

1. d4 Nf6 2. c4 e6 3. Nf3 b6 4. Bf4 Bb7 5. e3 Bb4+ 6. Nbd2 Ne4 7. a3 Bxd2+ 8.
Nxd2 Nxd2 9. Qxd2 d6 10. f3 Qe7 11. Be2 O-O 12. O-O e5 13. Bg3 Nc6 14. Rfe1 f5
15. Bf1 Qf6 16. Bf2 f4 17. d5 fxe3 18. Bxe3 Ne7 19. b4 Nf5 20. Bd3 Nxe3 21.
Qxe3 a5 22. Be4 axb4 23. axb4 g6 24. c5 dxc5 25. bxc5 Rxa1 26. Rxa1 bxc5 27.
Qxc5 Qb6 28. Qf2 Rd8 29. Rc1 Qxf2+ 30. Kxf2 Bxd5 31. Bxd5+ Rxd5 32. Rxc7 h6 33.
Ke3 Ra5 34. Ke4 Kf8 35. g4 Kg8 36. Re7 Ra3 37. Rxe5 Kf7 38. Kf4 Ra4+ 39. Kg3
Kf6 40. Rb5 g5 41. Rb6+ Kg7 42. h4 Ra3 43. Rb7+ Kf6 44. h5 Ra6 45. Rh7 Ke5 46.
Rf7 Ke6 47. Rf5 Ra3 48. Rf8 Ke5 49. Re8+ Kd5 50. Re7 Rb3 51. Ra7 Rb6 52. Rg7
Ke5 53. Rg8 Ra6 54. Rf8 Ra3 55. Rd8 Ra6 56. Rb8 Rc6 57. Re8+ Kd5 58. Re3 Rf6
59. Ra3 Rb6 60. f4 gxf4+ 61. Kxf4 Ke6 62. Ra8 Rb4+ 63. Kg3 Kf7 64. Ra7+ Kg8 65.
Re7 Ra4 66. Kf3 Rb4 67. Re4 Rb1 68. Kf4 Rf1+ 69. Ke5 Kg7 70. Rf4 Re1+ 71. Kf5
Ra1 72. Re4 Rf1+ 73. Ke6 Ra1 74. Rd4 Re1+ 75. Kf5 Rf1+ 76. Ke5 Re1+ 77. Re4 Ra1
78. Rb4 Re1+ 1/2-1/2

[Event "France Jeunes Belfort 2017"]
[Site "Belfort"]
[Date "2017.04.21"]
[Round "7.1"]
[White "Meillon, Judicael"]
[Black "Candelot, Clement"]
[Result "1/2-1/2"]
[WhiteElo "1884"]
[BlackElo "1839"]
[PlyCount "59"]
[EventDate "2017.??.??"]
[TimeControl "6000+540"]
[WhiteClock "0:26:16"]
[BlackClock "0:30:55"]

1. e4 e5 2. f4 Bc5 3. Nf3 d6 4. Nc3 Bg4 5. h3 Bxf3 6. Qxf3 a6 7. d3 Nc6 8. Be3
Bxe3 9. Qxe3 Nge7 10. O-O-O Nd4 11. Ne2 c5 12. Nxd4 cxd4 13. Qg3 Qa5 14. Kb1
Rg8 15. Be2 Qb5 16. Rhf1 a5 17. fxe5 dxe5 18. Qe1 Ra6 19. c4 Qc5 20. Rc1 Rb6
21. Bd1 Ng6 22. g3 Ke7 23. Ba4 Rc8 24. Bb5 Qb4 25. Qxb4+ axb4 26. Ba4 Nf8 27.
c5 Rf6 28. Rxf6 gxf6 29. c6 bxc6 30. Rxc6 1/2-1/2

[Event "France Jeunes Belfort 2017"]
[Site "Belfort"]
[Date "2017.04.21"]
[Round "7.1"]
[White "Retailleau, Elise"]
[Black "Bruneau, Maylis"]
[Result "1-0"]
[WhiteElo "1946"]
[BlackElo "1794"]
[PlyCount "33"]
[EventDate "2017.??.??"]
[TimeControl "6000+820"]
[WhiteClock "0:41:21"]
[BlackClock "0:30:46"]

1. e4 c5 2. Nc3 Nc6 3. Bb5 g6 4. Bxc6 dxc6 5. d3 Bg7 6. Be3 b6 7. Qd2 Nf6 8. h3
O-O 9. f4 Qc7 10. Nf3 Ba6 11. O-O Rad8 12. f5 e5 13. Qf2 Qe7 14. b3 Bc8 15. Qh4
gxf5 16. Bh6 Rd6 17. Qg5 1-0

[Event "France Jeunes Belfort 2017"]
[Site "Belfort"]
[Date "2017.04.21"]
[Round "7.1"]
[White "Rubsamen, Anais"]
[Black "Rozec, Mialy"]
[Result "1-0"]
[WhiteElo "1610"]
[BlackElo "1289"]
[PlyCount "63"]
[EventDate "2017.??.??"]
[TimeControl "6000+895"]
[WhiteClock "0:24:35"]
[BlackClock "0:00:33"]

1. Nf3 g6 2. c4 Bg7 3. g3 c6 4. d4 c5 5. Bg2 d6 6. O-O Nd7 7. Nc3 a6 8. b3 cxd4
9. Nxd4 Ngf6 10. Bb2 O-O 11. Qc2 Ng4 12. Nf3 Nb6 13. Rad1 Qc7 14. e4 e5 15. Ba3
Rd8 16. Rd2 Bh6 17. Rd3 f5 18. Qd1 fxe4 19. Nxe4 Bf5 20. Nh4 Bf8 21. Nxf5 gxf5
22. Bxd6 Qd7 23. Nc5 Qf7 24. Nxb7 Bxd6 25. Nxd8 Rxd8 26. Rxd6 Rb8 27. Rd8+ Rxd8
28. Qxd8+ Kg7 29. Qxb6 Qh5 30. Qb7+ Kg6 31. Qxa6+ Kg5 32. h4+ 1-0

[Event "France Jeunes Belfort 2017"]
[Site "Belfort"]
[Date "2017.04.20"]
[Round "7.1"]
[White "Saliou, Sarah"]
[Black "Vernet, Solene"]
[Result "1/2-1/2"]
[WhiteElo "1684"]
[BlackElo "1863"]
[PlyCount "112"]
[EventDate "2017.??.??"]
[TimeControl "6000+1205"]
[WhiteClock "0:01:29"]
[BlackClock "0:32:03"]

1. c4 e5 2. g3 c5 3. Bg2 Nc6 4. Nc3 g6 5. d3 Bg7 6. Qd2 Nge7 7. b3 d6 8. Bb2
Be6 9. e3 Rb8 10. Nge2 O-O 11. O-O a6 12. Nd5 b5 13. f4 f5 14. Ba3 e4 15. Nxe7+
Nxe7 16. Rad1 b4 17. Bb2 exd3 18. Nc1 d5 19. Bxg7 Kxg7 20. Qb2+ Kg8 21. Rxd3
Rb6 22. Rfd1 Rd6 23. Qd2 Qc7 24. cxd5 Bf7 25. g4 Rfd8 26. gxf5 gxf5 27. e4 fxe4
28. Bxe4 Qd7 29. Qg2+ Bg6 30. Rf1 Rf8 31. Rdf3 Rdf6 32. Nd3 Kh8 33. Ne5 Qd6 34.
Bxg6 Nxg6 35. Nxg6+ Rxg6 36. Rg3 Rxf4 37. Rxg6 Rxf1+ 38. Kxf1 hxg6 39. Kg1 Qf6
40. Qh3+ Kg7 41. Qd7+ Kh6 42. Qh3+ Kg5 43. Qe3+ Kf5 44. Qe2 Qd4+ 45. Kf1 Qxd5
46. Qxa6 Qh1+ 47. Ke2 Qxh2+ 48. Ke3 Qf4+ 49. Ke2 Kg4 50. Qxg6+ Kh4 51. Qh7+ Kg4
52. Qg6+ Kh4 53. Qh7+ Kg4 54. Qg7+ Kh5 55. Qg2 Qe5+ 56. Kf2 Qc3 {Kf3 Qe5 Kf2}
1/2-1/2

[Event "France Jeunes Belfort 2017"]
[Site "Belfort"]
[Date "2017.04.21"]
[Round "7.1"]
[White "Sumarriva Paulin, Laura"]
[Black "Amr-Tardif, Corail"]
[Result "1-0"]
[WhiteElo "1521"]
[BlackElo "1474"]
[PlyCount "144"]
[EventDate "2017.??.??"]
[TimeControl "6000+870"]
[WhiteClock "0:04:17"]
[BlackClock "0:01:14"]

1. d4 d5 2. c4 c6 3. cxd5 cxd5 4. Bf4 Nc6 5. e3 Bf5 6. Nc3 e6 7. Qb3 Bb4 8. a3
Bxc3+ 9. bxc3 Qd7 10. Nf3 a6 11. Be2 Nf6 12. O-O O-O 13. h3 Ne4 14. Rfd1 Qe7
15. Nd2 Rfd8 16. f3 Nxd2 17. Rxd2 Rd7 18. Rad1 Rc8 19. Rc1 Na5 20. Qa4 Nc4 21.
Bxc4 Rxc4 22. Qa5 Rd8 23. Rb2 Rdc8 24. Kh2 R8c6 25. Bg3 h6 26. Be1 b5 27. Rb4
Qc7+ 28. Qxc7 Rxc7 29. Rxc4 Rxc4 30. Bd2 Kf8 31. g4 Bd3 32. Kg3 Ke7 33. h4 Ra4
34. Ra1 Rc4 35. Kf4 f6 36. e4 dxe4 37. fxe4 Kd6 38. Ke3 Bc2 39. Rc1 Bb3 40. Rb1
Ba4 41. Rb4 Bd1 42. Kf4 g5+ 43. hxg5 hxg5+ 44. Kg3 Kc6 45. Rb1 Bc2 46. Rf1 Bxe4
47. Rxf6 Kd6 48. Rf1 a5 49. Rc1 Ra4 50. Ra1 Kd5 51. Bxg5 b4 52. cxb4 axb4 53.
Bd2 bxa3 54. Bc1 a2 55. Bb2 Kc4 56. Re1 Bd5 57. g5 Kb3 58. Ba1 Ra8 59. Kg4 Kc4
60. g6 Rb8 61. Re2 Kd3 62. Rb2 Rc8 63. Kg5 Rc1 64. g7 Rxa1 65. Rg2 Bxg2 66.
g8=Q Rb1 67. Qh7+ Be4 68. Qh3+ Kxd4 69. Qh8+ Kc4 70. Qc8+ Kd4 71. Qh8+ e5 72.
Qd8+ Bd5 1-0

[Event "France Jeunes Belfort 2017"]
[Site "Belfort"]
[Date "2017.04.21"]
[Round "7.1"]
[White "Tahay, Alexis"]
[Black "Kambrath, Yannick"]
[Result "1-0"]
[WhiteElo "2239"]
[BlackElo "2341"]
[PlyCount "105"]
[EventDate "2017.??.??"]
[TimeControl "6000+925"]
[WhiteClock "0:08:11"]
[BlackClock "0:04:30"]

1. e4 c5 2. Nf3 d6 3. d4 cxd4 4. Nxd4 Nf6 5. Nc3 a6 6. Be2 e5 7. Nb3 Be7 8. Qd3
O-O 9. O-O Be6 10. Qg3 Re8 11. f4 Qc7 12. f5 Bc4 13. Bxc4 Qxc4 14. Bg5 Nbd7 15.
Rad1 b5 16. a3 a5 17. Qd3 Reb8 18. Nd2 Qxd3 19. cxd3 d5 20. Bxf6 Nxf6 21. Nxd5
Nxd5 22. exd5 Bc5+ 23. Kh1 Bd4 24. b3 Rd8 25. f6 Rxd5 26. fxg7 Rc8 27. Rf3 Kxg7
28. Rdf1 Rf8 29. Ne4 f5 30. Rxf5 Rxf5 31. Rxf5 Bb2 32. h4 Rxd3 33. Nc5 Rd5 34.
Ne6+ Kg6 35. g4 h5 36. Nf4+ exf4 37. Rxd5 hxg4 38. Rxb5 Bf6 39. h5+ Kg7 40. Rf5
f3 41. Rf4 Be7 42. Rxg4+ Kh6 43. Ra4 Kxh5 44. Rxa5+ Kg4 45. Kg1 Kf4 46. Kf1 Bd6
47. b4 Ke4 48. Ra6 Bg3 49. b5 Kd5 50. a4 Kc5 51. Rc6+ Kb4 52. b6 Ka5 53. b7 1-0

[Event "France Jeunes Belfort 2017"]
[Site "Belfort"]
[Date "2017.04.21"]
[Round "7.1"]
[White "Viel, Simon"]
[Black "Travadon, Loic"]
[Result "0-1"]
[WhiteElo "2220"]
[BlackElo "2348"]
[PlyCount "70"]
[EventDate "2017.??.??"]
[TimeControl "6000+1420"]
[WhiteClock "0:06:25"]
[BlackClock "0:38:26"]

1. e4 c5 2. Nf3 d6 3. d4 Nf6 4. Nc3 cxd4 5. Nxd4 Nc6 6. Bc4 e6 7. Be3 a6 8. Qe2
Qc7 9. O-O-O Bd7 10. Bb3 b5 11. f3 b4 12. Nb1 Be7 13. g4 Nxd4 14. Bxd4 Bb5 15.
Qg2 O-O 16. g5 Nh5 17. Qg4 g6 18. f4 Bd7 19. Qf3 a5 20. c3 a4 21. Bc2 e5 22.
Be3 exf4 23. Bxf4 a3 24. b3 Nxf4 25. Qxf4 bxc3 26. h4 f6 27. Qg3 fxg5 28. hxg5
Ra5 29. Nxc3 Rc8 30. Qh2 Bxg5+ 31. Kb1 h6 32. Nd5 Rxd5 33. exd5 Qc3 34. Bxg6
Bf6 35. Bh7+ Kh8 0-1

[Event "France Jeunes Belfort 2017"]
[Site "Belfort"]
[Date "2017.04.21"]
[Round "7.2"]
[White "Bellahcene, Sofia"]
[Black "Marcellier, Lucie"]
[Result "1-0"]
[WhiteElo "1699"]
[BlackElo "1557"]
[PlyCount "87"]
[EventDate "2017.??.??"]
[TimeControl "6000+680"]
[WhiteClock "0:37:30"]
[BlackClock "0:04:09"]

1. e4 e5 2. Bc4 c6 3. Nf3 d5 4. exd5 cxd5 5. Bb5+ Bd7 6. Bxd7+ Nxd7 7. d4 e4 8.
Nfd2 Ngf6 9. Nc3 a6 10. a3 Bd6 11. O-O O-O 12. Re1 Nb6 13. f3 Qc7 14. Nf1 Rac8
15. Bg5 Nfd7 16. fxe4 f6 17. Bh4 dxe4 18. Nxe4 Be7 19. c3 Nc4 20. Ned2 Ndb6 21.
Qb3 Rfe8 22. Ne3 Kh8 23. Nexc4 Nxc4 24. Nxc4 Qxc4 25. Qxc4 Rxc4 26. Bg3 Kg8 27.
Re6 Kf7 28. Rb6 Bd8 29. Rxb7+ Kg6 30. Re1 Rxe1+ 31. Bxe1 Kh6 32. Bg3 f5 33. Rd7
Bf6 34. Rd6 Ra4 35. Be5 Kg5 36. Bxf6+ gxf6 37. Kf2 h5 38. Kf3 h4 39. h3 f4 40.
Rd5+ f5 41. Rd8 Rc4 42. Rg8+ Kf6 43. Kxf4 Ra4 44. Rf8+ 1-0

[Event "France Jeunes Belfort 2017"]
[Site "Belfort"]
[Date "2017.04.21"]
[Round "7.2"]
[White "De Talance, Berenice"]
[Black "Djidjeli, Sarah"]
[Result "0-1"]
[WhiteElo "1757"]
[BlackElo "1934"]
[PlyCount "64"]
[EventDate "2017.??.??"]
[TimeControl "6000+1570"]
[WhiteClock "0:02:00"]
[BlackClock "0:34:14"]

1. c4 e6 2. d4 d5 3. cxd5 exd5 4. Nc3 c6 5. Qc2 Nf6 6. Bg5 Be7 7. Nf3 h6 8. Bh4
Nbd7 9. e3 O-O 10. Bd3 c5 11. h3 a6 12. Ne5 cxd4 13. exd4 Nxe5 14. dxe5 Nd7 15.
Bg3 d4 16. Ne4 Qa5+ 17. Nd2 Bb4 18. a3 Nxe5 19. O-O-O Nxd3+ 20. Qxd3 Bf5 21.
Ne4 Qd5 22. f3 Rfc8+ 23. Kb1 Be6 24. b3 Bxa3 25. Ka2 Qa5 26. Ra1 Bb4+ 27. Kb1
Qb6 28. Be1 Bxe1 29. Rxe1 Bxb3 30. Qd2 Bc2+ 31. Kc1 Bxe4+ 32. Kd1 Qb3+ 0-1

[Event "France Jeunes Belfort 2017"]
[Site "Belfort"]
[Date "2017.04.21"]
[Round "7.2"]
[White "Emmenecker, Pierre-Antoine"]
[Black "Roux, Baptiste"]
[Result "1/2-1/2"]
[WhiteElo "1737"]
[BlackElo "1934"]
[PlyCount "138"]
[EventDate "2017.??.??"]
[TimeControl "6000+1025"]
[WhiteClock "0:02:29"]
[BlackClock "0:23:43"]

1. e4 c5 2. c3 Nf6 3. e5 Nd5 4. d4 cxd4 5. Qxd4 e6 6. Nf3 Nc6 7. Qe4 d6 8. Bb5
Bd7 9. c4 Nb6 10. Nc3 a6 11. Bg5 Qc7 12. exd6 Bxd6 13. O-O-O h6 14. Be3 Bb4 15.
Bxc6 Bxc6 16. Qd4 Bxc3 17. Qxc3 O-O 18. Qe5 Qxe5 19. Nxe5 Na4 20. Nxc6 bxc6 21.
Rd6 Rfc8 22. Kc2 Rab8 23. b3 Nb6 24. Bc5 Rb7 25. Rhd1 Rcc7 26. Bxb6 Rxb6 27.
Rd8+ Kh7 28. R8d7 Rbb7 29. Rxc7 Rxc7 30. Rd8 g5 31. Ra8 f5 32. Re8 h5 33. Rxe6
f4 34. Kd3 Kg7 35. Rd6 a5 36. Kd4 Re7 37. Kd3 Rc7 38. Rd8 a4 39. b4 a3 40. Rd6
Rb7 41. Kc3 Re7 42. Kd2 Rb7 43. Kc3 Re7 44. b5 cxb5 45. cxb5 Re2 46. Rd2 Re1
47. Kb3 Rb1+ 48. Kxa3 Rxb5 49. Ka4 Rb1 50. Ka5 Kf6 51. a4 h4 52. f3 h3 53. gxh3
Rf1 54. Kb6 Rxf3 55. Ra2 Rxh3 56. a5 Kf5 57. a6 g4 58. a7 Rh8 59. Kc5 g3 60.
hxg3 fxg3 61. a8=Q Rxa8 62. Rxa8 Ke4 63. Ra2 Kf3 64. Kd4 g2 65. Ra1 Kf2 66.
Ra2+ Kf3 67. Ra3+ Kf2 68. Ra2+ Kf3 69. Rxg2 Kxg2 1/2-1/2

[Event "France Jeunes Belfort 2017"]
[Site "Belfort"]
[Date "2017.04.21"]
[Round "7.2"]
[White "Gatineau, Yovann"]
[Black "Coiffait, Pierre-Basile"]
[Result "1/2-1/2"]
[WhiteElo "2214"]
[BlackElo "2193"]
[PlyCount "61"]
[EventDate "2017.??.??"]
[TimeControl "6000+1065"]
[WhiteClock "0:12:36"]
[BlackClock "0:14:52"]

1. d4 Nf6 2. Nf3 b6 3. Bf4 e6 4. e3 c5 5. c3 Bb7 6. Nbd2 cxd4 7. exd4 Be7 8.
Bd3 O-O 9. h3 Re8 10. O-O d6 11. Re1 Nbd7 12. Qc2 Nf8 13. a4 a6 14. Rac1 Rc8
15. Qb3 Ng6 16. Bh2 Nd5 17. Be4 Ba8 18. Bd3 Bb7 19. Be4 Ba8 20. Qc2 Nf6 21. Bd3
Bb7 22. Qb1 Nd5 23. Be4 Ba8 24. Qd3 Bb7 25. Qf1 Qd7 26. Nc4 Qc7 27. Nfd2 Ndf4
28. Bxb7 Qxb7 29. g3 Nd5 30. Qg2 Qd7 31. Ra1 1/2-1/2

[Event "France Jeunes Belfort 2017"]
[Site "Belfort"]
[Date "2017.04.21"]
[Round "7.2"]
[White "Leriche, Ines"]
[Black "Afraoui, Anaelle"]
[Result "0-1"]
[WhiteElo "2037"]
[BlackElo "1977"]
[PlyCount "70"]
[EventDate "2017.??.??"]
[TimeControl "6000+730"]
[WhiteClock "0:00:32"]
[BlackClock "0:17:37"]

1. d4 Nf6 2. c4 c5 3. d5 b5 4. Qc2 Qa5+ 5. Nd2 bxc4 6. e4 d6 7. Bxc4 g6 8. Ngf3
Bg7 9. O-O O-O 10. Rb1 Na6 11. a3 Nc7 12. b4 cxb4 13. axb4 Qb6 14. Bb2 Bd7 15.
Bd3 Nb5 16. Nc4 Qb8 17. Qb3 e6 18. Na5 Nc7 19. dxe6 Bxe6 20. Qa4 d5 21. e5 Ne4
22. Rfe1 f6 23. exf6 Bxf6 24. Bxf6 Rxf6 25. Bxe4 dxe4 26. Nd2 Qb6 27. Nxe4 Rf4
28. Qc6 Bd5 29. Qc2 Raf8 30. Nc5 Qf6 31. Nd3 Rg4 32. f3 Bxf3 33. Rf1 Qd4+ 34.
Rf2 Bxg2 35. Qb3+ Bd5+ 0-1

[Event "France Jeunes Belfort 2017"]
[Site "Belfort"]
[Date "2017.04.21"]
[Round "7.2"]
[White "Lomandong, Noela-Joyce"]
[Black "Rollot, Florence"]
[Result "0-1"]
[WhiteElo "1987"]
[BlackElo "1973"]
[PlyCount "120"]
[EventDate "2017.??.??"]
[TimeControl "6000+1070"]
[WhiteClock "0:01:32"]
[BlackClock "0:00:38"]

1. Nf3 Nf6 2. g3 c5 3. Bg2 g6 4. b3 Bg7 5. Bb2 Nc6 6. O-O O-O 7. c4 Rb8 8. d4
cxd4 9. Nxd4 Qb6 10. Nc2 d6 11. Nc3 Ne5 12. Ne3 Be6 13. Qc2 Rfc8 14. Rad1 a6
15. Qd2 Neg4 16. Nxg4 Nxg4 17. Na4 Qa7 18. Bxg7 Kxg7 19. Nb2 b5 20. Bd5 Qd7 21.
Qd4+ Kg8 22. Nd3 Nf6 23. Bxe6 Qxe6 24. Nf4 Qd7 25. Nd5 Nxd5 26. cxd5 Rc2 27.
Rd2 Rbc8 28. Rfd1 Qf5 29. Kg2 Rxd2 30. Rxd2 Qb1 31. Qb2 Qxb2 32. Rxb2 Rc5 33.
Rd2 Kg7 34. Kf3 Kf6 35. Ke4 Rc1 36. e3 Kg5 37. Kf3 Kf5 38. Rd4 Ke5 39. a4 Rc5
40. Re4+ Kf6 41. Rd4 a5 42. Ke4 Kg5 43. axb5 Rxb5 44. Ra4 Kg4 45. Kd3+ Kg5 46.
Kc4 Rc5+ 47. Kd4 Kf5 48. e4+ Kg4 49. Ra2 Rb5 50. Kc4 Rb4+ 51. Kc3 Rb5 52. Kc4
Rc5+ 53. Kd4 Kf3 54. e5 Rb5 55. Kc4 Rb4+ 56. Kc3 dxe5 57. Rxa5 Rb7 58. Ra2 Ke4
59. Rd2 f5 60. Rd3 Rxb3+ 0-1

[Event "France Jeunes Belfort 2017"]
[Site "Belfort"]
[Date "2017.04.21"]
[Round "7.2"]
[White "Micottis, Dorian"]
[Black "Lamard, Guillaume"]
[Result "1/2-1/2"]
[WhiteElo "2249"]
[BlackElo "2307"]
[PlyCount "62"]
[EventDate "2017.??.??"]

1. e4 e5 2. Nf3 Nc6 3. Nc3 Nf6 4. Be2 Bb4 5. Nd5 Ba5 6. O-O d6 7. d4 Nxd5 8.
exd5 Nxd4 9. Nxd4 exd4 10. Qxd4 O-O 11. Bd3 Re8 12. Qa4 Bb6 13. Bg5 f6 14. Bd2
Re5 15. Rae1 Bd7 16. Qh4 f5 17. Qf4 Rxe1 18. Rxe1 Qf8 19. c4 h6 20. h4 Qf7 21.
Bc3 Kh7 22. h5 Rf8 23. Qh4 Re8 24. Rxe8 Qxe8 25. Qh3 Kh8 26. Bxf5 Qe2 27. Bxd7
Qxf2+ 28. Kh2 Qg1+ 29. Kg3 Qe3+ 30. Kh2 Qg1+ 31. Kg3 Qe3+ 1/2-1/2